MARC details
| 000 -LEADER |
| fixed length control field |
01152 a2200457 4500 |
| 000 - LEADER |
| fixed length control field |
BKB |
| 001 - CONTROL NUMBER |
| control field |
136806 |
| 005 - DATE AND TIME OF LATEST TRANSACTION |
| control field |
20200902153125.0 |
| 008 - FIXED-LENGTH DATA ELEMENTS--GENERAL INFORMATION |
| fixed length control field |
|
| 010 ## - LIBRARY OF CONGRESS CONTROL NUMBER |
| LC control number |
|
| 020 ## - INTERNATIONAL STANDARD BOOK NUMBER |
| International Standard Book Number |
|
| 082 ## - DEWEY DECIMAL CLASSIFICATION NUMBER |
| Classification number |
621.3678 |
| Item number |
A95A |
| 100 1# - MAIN ENTRY--PERSONAL NAME |
| Personal name |
Advanced remote sensing : terrestrial information extraction and applications |
| 110 ## - MAIN ENTRY--CORPORATE NAME |
| Corporate name or jurisdiction name as entry element |
|
| 245 1# - TITLE STATEMENT |
| Title |
Advanced remote sensing : terrestrial information extraction and applications |
| Statement of responsibility, etc |
edited by Shunlin Liang...[et.al.] |
| 250 ## - EDITION STATEMENT |
| Edition statement |
|
| 260 ## - PUBLICATION, DISTRIBUTION, ETC. (IMPRINT) |
| Place of publication, distribution, etc |
Amsterdam |
| Name of publisher, distributor, etc |
Elsevier |
| Date of publication, distribution, etc |
2012 |
| 300 ## - PHYSICAL DESCRIPTION |
| Extent |
799p. |
| 490 ## - SERIES STATEMENT |
| Series statement |
|
| Volume number/sequential designation |
|
| 500 ## - GENERAL NOTE |
| General note |
|
| 600 ## - SUBJECT ADDED ENTRY--PERSONAL NAME |
| Personal name |
|
| 610 ## - SUBJECT ADDED ENTRY--CORPORATE NAME |
| Corporate name or jurisdiction name as entry element |
|
| 611 ## - SUBJECT ADDED ENTRY--MEETING NAME |
| Meeting name or jurisdiction name as entry element |
|
| 630 ## - SUBJECT ADDED ENTRY--UNIFORM TITLE |
| Uniform title |
Environmental science |
| 650 ## - SUBJECT ADDED ENTRY--TOPICAL TERM |
| Topical term or geographic name as entry element |
|
| 651 ## - SUBJECT ADDED ENTRY--GEOGRAPHIC NAME |
| Geographic name |
|
| 654 ## - SUBJECT ADDED ENTRY--FACETED TOPICAL TERM |
| Focus term |
|
| 690 ## - LOCAL SUBJECT ADDED ENTRY--TOPICAL TERM (OCLC, RLIN) |
| Topical term or geographic name as entry element |
Remote sensing; Earth sciences-Remote sensing; Environmental sciences-Remote sensing; Remote sensing-Mathematical models |
| 700 ## - ADDED ENTRY--PERSONAL NAME |
| Personal name |
Liang, Shunlin ed. |
| Numeration |
|
| Titles and other words associated with a name |
|
| 700 ## - ADDED ENTRY--PERSONAL NAME |
| Personal name |
Li, Xiaowen ed. |
| Numeration |
|
| Titles and other words associated with a name |
|
| 710 ## - ADDED ENTRY--CORPORATE NAME |
| Corporate name or jurisdiction name as entry element |
|
| Subordinate unit |
|
| Location of meeting |
|
| 711 ## - ADDED ENTRY--MEETING NAME |
| Meeting name or jurisdiction name as entry element |
|
| 720 ## - ADDED ENTRY--UNCONTROLLED NAME |
| Name |
|
| 730 ## - ADDED ENTRY--UNIFORM TITLE |
| Uniform title |
|
| 740 ## - ADDED ENTRY--UNCONTROLLED RELATED/ANALYTICAL TITLE |
| Uncontrolled related/analytical title |
|
| 752 ## - ADDED ENTRY--HIERARCHICAL PLACE NAME |
| Country or larger entity |
|
| 856 ## - ELECTRONIC LOCATION AND ACCESS |
| Host name |
|
| Path |
|
| Electronic name |
|
| 904 ## - LOCAL DATA ELEMENT D, LDD (RLIN) |
| a |
|
| 964 ## - |
| -- |
|
| -- |
|
| -- |
|
| -- |
|
| -- |
|
| -- |
|
| -- |
|
| 965 ## - |
| -- |
|